[Event "Manizales zt U16 integr Centro"]
[Site "Manizales"]
[Date "2014.05.16"]
[Round "3.5"]
[White "Walteros, Juan Diego"]
[Black "Mejia Perez, Javier Camilo"]
[Result "1-0"]
[WhiteElo "1743"]
[BlackElo "1366"]
[PlyCount "107"]
[EventDate "2014.05.15"]
[EventType "swiss"]
[EventRounds "6"]
[EventCountry "COL"]
[SourceTitle "EXT 2024"]
[Source "ChessBase"]
[SourceDate "2023.10.10"]
[SourceVersion "1"]
[SourceVersionDate "2023.10.10"]
[SourceQuality "1"]

1. d4 d5 2. c4 e6 3. Nc3 c6 4. Nf3 Nf6 5. Bf4 Qa5 6. Bd2 Nbd7 7. Nxd5 Qd8 8. Nc3 Nb6 9. e3 Bb4 10. Bd3 0-0 11. 0-0 c5 12. Qc2 cxd4 13. exd4 Qc7 14. Nb5 Qe7 15. Bxb4 Qxb4 16. a3 Qe7 17. Rfe1 Bd7 18. Nc3 h6 19. Qb3 Rab8 20. Rad1 Rfc8 21. h3 Qe8 22. Qa2 Na4 23. Nxa4 Bxa4 24. b3 Bd7 25. d5 Qd8 26. dxe6 fxe6 27. Nd4 Qb6 28. b4 Re8 29. c5 Qc7 30. Nxe6 Bxe6 31. Rxe6 Rxe6 32. Qxe6+ Kh8 33. Bb5 a6 34. Ba4 b5 35. cxb6 Rxb6 36. Qe3 Rb8 37. Qd3 Qe5 38. Qxa6 Ne4 39. Qd3 Rf8 40. Bc2 Nf6 41. b5 Qg5 42. a4 Kg8 43. b6 Nh5 44. Qh7+ Kf7 45. Qf5+ Qxf5 46. Bxf5 Ke7 47. Bg4 Nf6 48. Bf3 Nd7 49. a5 Nc5 50. Rc1 Kd6 51. b7 Rb8 52. a6 Nxa6 53. Rc6+ Kd7 54. Rxa6 1-0